[Event "European Youth Chess Championship G14"]
[Site "Prague, Top Hotel Prague"]
[Date "2012.08.22"]
[Round "6.31"]
[White "Stallinger, Vanessa"]
[Black "Fuskova, Martina"]
[Result "0-1"]
[WhiteElo "1550"]
[BlackElo "1752"]
[PlyCount "114"]
[EventDate "2012.08.17"]

1. e4 c5 2. c3 d5 3. exd5 Qxd5 4. d4 e6 5. Nf3 Nf6 6. Be3 cxd4 7. cxd4 Bb4+ 8.
Nc3 O-O 9. Bd3 b6 10. O-O Bxc3 11. bxc3 Ba6 12. Bxa6 Nxa6 13. Qe2 Nb8 14. c4
Qe4 15. Nd2 Qf5 16. Rac1 Rd8 17. Rfd1 Nc6 18. Nb3 Rac8 19. a3 Rc7 20. Rc2 Rcd7
21. c5 Qd5 22. Rb1 h6 23. Qb5 Ne4 24. f3 Nd6 25. Qe2 Nf5 26. Rd2 b5 27. Bf2 a6
28. g4 Nfe7 29. Rd3 Ne5 30. Rc3 Nc4 31. Rxc4 bxc4 32. Na5 Nc6 33. Nxc6 Qxc6 34.
Rb6 Qa4 35. Qb2 Qa5 36. Qb4 Qxb4 37. axb4 c3 38. Rxa6 Rb7 39. Ra3 Rxb4 40. Rxc3
Rc8 41. c6 Kf8 42. Bg3 Rxd4 43. c7 Ke7 44. Rb3 Rc4 45. Rb8 Kd7 46. h4 f6 47.
Bd6 Rc6 48. Bf8 R6xc7 49. Rxc8 Kxc8 50. Kf2 Kd8 51. Kg3 Ke8 52. Bd6 Rc4 53. Bf4
Kf7 54. g5 hxg5 55. hxg5 e5 56. Be3 f5 57. Kh3 Kg6 0-1

[Event "European Youth Chess Championship G14"]
[Site "Prague, Top Hotel Prague"]
[Date "2012.08.22"]
[Round "6.33"]
[White "Chepelnikova, Maria"]
[Black "Vangsgaard, Freja"]
[Result "0-1"]
[WhiteElo "1655"]
[BlackElo "1550"]
[PlyCount "120"]
[EventDate "2012.08.17"]

1. e4 d5 2. exd5 Qxd5 3. Nc3 Qa5 4. d4 Bf5 5. Bd3 c6 6. d5 Bxd3 7. Qxd3 Nf6 8.
Bd2 Nxd5 9. Nxd5 Qxd5 10. Qxd5 cxd5 11. O-O-O e6 12. Bc3 f6 13. Nh3 Nc6 14.
Rhe1 Kf7 15. Nf4 Re8 16. h3 Bb4 17. Bxb4 Nxb4 18. a3 Nc6 19. Nd3 b6 20. Nf4 Re7
21. Rd3 Rd8 22. Nh5 Ne5 23. Rg3 Kf8 24. Rge3 d4 25. Re4 Kf7 26. f4 Nc6 27. Kb1
Rd6 28. g4 Rd5 29. Ng3 g6 30. Rd1 Red7 31. Rde1 R7d6 32. Ka2 e5 33. fxe5 Rxe5
34. Rxe5 fxe5 35. Ne4 Rd7 36. Rf1+ Kg7 37. Nf6 Rf7 38. g5 h6 39. gxh6+ Kxh6 40.
Ng4+ Kg7 41. Re1 Re7 42. Re4 g5 43. Kb3 b5 44. a4 a6 45. Nf2 Rc7 46. Ng4 Re7
47. Nf2 Rf7 48. axb5 axb5 49. Nd3 Rf3 50. h4 gxh4 51. Rxh4 Kg6 52. Ka2 Kg5 53.
Rh2 e4 54. Nf2 Nb4+ 55. Kb1 Kf4 56. Rg2 Re3 57. b3 Kf3 58. Nd1 Kxg2 59. Nxe3+
dxe3 60. Kc1 e2 0-1

[Event "European Youth Chess Championship G14"]
[Site "Prague, Top Hotel Prague"]
[Date "2012.08.22"]
[Round "6.34"]
[White "Kanakova, Natalka"]
[Black "Ruth, Katarina"]
[Result "1-0"]
[WhiteElo "1652"]
[BlackElo "1483"]
[PlyCount "57"]
[EventDate "2012.08.17"]

1. e4 c5 2. Nf3 a6 3. Nc3 Nc6 4. d4 cxd4 5. Nxd4 e5 6. Nb3 Nf6 7. Bg5 h6 8.
Bxf6 Qxf6 9. Nd5 Qd8 10. Bc4 d6 11. Qh5 b5 12. Be2 Be6 13. O-O-O Be7 14. Kb1 b4
15. f4 exf4 16. Nxf4 Bxb3 17. cxb3 Qb8 18. Bc4 Ne5 19. Bd5 Ra7 20. Rhf1 Bf6 21.
Nd3 O-O 22. Nxe5 Bxe5 23. g4 Qd8 24. h4 Bf6 25. g5 hxg5 26. hxg5 Bxg5 27. Rh1
Bh6 28. Rdg1 Kh7 29. Rxg7+ 1-0

[Event "European Youth Chess Championship G14"]
[Site "Prague, Top Hotel Prague"]
[Date "2012.08.22"]
[Round "6.35"]
[White "Kyrkjebo, Marte B"]
[Black "Silva, Mariana Sofia T"]
[Result "1-0"]
[WhiteElo "1628"]
[BlackElo "1461"]
[PlyCount "61"]
[EventDate "2012.08.17"]

1. e4 c6 2. d4 d5 3. e5 c5 4. dxc5 e6 5. Be3 Nh6 6. c3 Nd7 7. Bb5 Qc7 8. Nf3
Nf5 9. Bd4 Bxc5 10. Bxc5 Qxc5 11. Qe2 d4 12. O-O dxc3 13. Nxc3 O-O 14. Rfd1 Qe7
15. Ne4 Nb6 16. Nd6 Nxd6 17. exd6 Qd8 18. d7 Bxd7 19. Bxd7 Nxd7 20. Ne5 Qg5 21.
Rxd7 Rad8 22. Nf3 Qf5 23. Rxd8 Rxd8 24. Rd1 Rc8 25. h3 g6 26. Qe5 Qc2 27. Rd7
Qb1+ 28. Kh2 Qxa2 29. Qf6 e5 30. Nxe5 Rf8 31. Rxb7 1-0

[Event "European Youth Chess Championship G14"]
[Site "Prague, Top Hotel Prague"]
[Date "2012.08.22"]
[Round "6.36"]
[White "Kyrkjebo, Hanna B"]
[Black "Glapa, Anna"]
[Result "0-1"]
[WhiteElo "1546"]
[BlackElo "1594"]
[PlyCount "114"]
[EventDate "2012.08.17"]

1. e4 c5 2. Nc3 Nc6 3. g3 g6 4. Bg2 Bg7 5. d3 d6 6. f4 e5 7. Nf3 Nge7 8. O-O
O-O 9. f5 gxf5 10. Nh4 Nd4 11. exf5 Nexf5 12. Nxf5 Bxf5 13. Bxb7 Rb8 14. Bg2
Qd7 15. Rf2 Bg4 16. Qf1 Be6 17. Nd5 Bg4 18. c3 Nb5 19. Bh6 f5 20. Bg5 Kh8 21.
h3 Bh5 22. Ne7 Bg6 23. Qe2 Bf6 24. Bxf6+ Rxf6 25. Nd5 Rf7 26. Raf1 Nc7 27. Kh2
Rbf8 28. Nxc7 Qxc7 29. Bd5 Rf6 30. c4 Qe7 31. Qf3 f4 32. gxf4 Rxf4 33. Qg3
Rxf2+ 34. Rxf2 Rxf2+ 35. Qxf2 Bxd3 36. Qg3 Bg6 37. h4 Bf7 38. Bxf7 Qxf7 39. b3
Qg6 40. Qf2 Kg7 41. Kh3 Qe6+ 42. Kh2 Qg4 43. Qe1 Qf4+ 44. Kh3 Kf6 45. Qd1 e4
46. Qa1+ Qe5 47. Qf1+ Qf5+ 48. Qxf5+ Kxf5 49. Kg3 a5 50. a3 Ke5 51. Kf2 Kd4 52.
Ke2 e3 53. Kd1 Kd3 54. Ke1 e2 55. b4 cxb4 56. axb4 Kxc4 57. Kxe2 axb4 0-1

[Event "European Youth Chess Championship G14"]
[Site "Prague, Top Hotel Prague"]
[Date "2012.08.22"]
[Round "6.38"]
[White "Beluska, Tereza"]
[Black "Meszarosova, Eva"]
[Result "1-0"]
[WhiteElo "1496"]
[BlackElo "1580"]
[PlyCount "69"]
[EventDate "2012.08.17"]

1. e4 c5 2. Nf3 d6 3. d4 cxd4 4. Nxd4 Nf6 5. Nc3 a6 6. Be3 e6 7. Be2 Qc7 8. f3
Be7 9. Qd2 Nc6 10. g4 b5 11. a3 Bb7 12. h4 Ne5 13. O-O-O O-O 14. h5 Rfd8 15. g5
Ne8 16. f4 Nc4 17. Bxc4 Qxc4 18. g6 Bf6 19. gxf7+ Kxf7 20. h6 g6 21. Rhg1 e5
22. Nf3 exf4 23. Bxf4 Bxc3 24. Ng5+ Kg8 25. bxc3 Qa2 26. Qf2 Rac8 27. Kd2 Qc4
28. Qf3 Nf6 29. Rge1 d5 30. e5 Ne4+ 31. Kc1 Qa4 32. Bd2 Nxg5 33. Bxg5 Rxc3 34.
Qxc3 Rc8 35. Qb2 1-0

[Event "European Youth Chess Championship G14"]
[Site "Prague, Top Hotel Prague"]
[Date "2012.08.22"]
[Round "6.39"]
[White "Lesnic, Galina"]
[Black "Liscinska, Jana"]
[Result "1/2-1/2"]
[WhiteElo "1490"]
[BlackElo "1589"]
[PlyCount "83"]
[EventDate "2012.08.17"]

1. e4 e5 2. Nf3 Nc6 3. Bc4 Nf6 4. d3 Be7 5. c3 d6 6. Bb3 Bg4 7. h3 Bh5 8. Nbd2
d5 9. Qe2 Qd6 10. Nf1 dxe4 11. dxe4 Bg6 12. Ng3 O-O 13. O-O Na5 14. Rd1 Qb6 15.
Be3 Bc5 16. Bxc5 Qxc5 17. Ba4 Qc4 18. Qxc4 Nxc4 19. Bb3 Nd6 20. Nxe5 Bxe4 21.
Nxe4 Nfxe4 22. Nf3 Rad8 23. Rd4 Nc5 24. Re1 Nxb3 25. axb3 Rfe8 26. Rdd1 f6 27.
Nd4 Kf7 28. Kf1 a6 29. Nc2 Rd7 30. Rxe8 Kxe8 31. Re1+ Re7 32. Rxe7+ Kxe7 33.
Ke2 Ke6 34. Nd4+ Kd5 35. Ke3 b5 36. Nc2 a5 37. Kd3 c5 38. Ne3+ Kc6 39. c4 b4
40. g4 g5 41. Nd5 Ne8 42. Ke4 1/2-1/2